Normal view
MARC view
Entry Personal Name
001 - CONTROL NUMBER
- control field: 17288
003 - CONTROL NUMBER IDENTIFIER
- control field: OSt
005 - DATE AND TIME OF LATEST TRANSACTION
- control field: 20151101161133.0
008 - FIXED-LENGTH DATA ELEMENTS
- fixed length control field: 151101|| aca||aabn | a|a d
040 ## - CATALOGING SOURCE
- Original cataloging agency: OSt
- Transcribing agency: OSt
100 ## - HEADING--PERSONAL NAME
- Personal name: S C Gupta
670 ## - SOURCE DATA FOUND
- Source citation: Work cat.: (OSt): S C Gupta , हिन्दी - English एक्सपर्ट Translator , 2015









